<?xml version="1.0" encoding="UTF-8"?>
<record
    xmlns:xsi="http://www.w3.org/2001/XMLSchema-instance"
    xsi:schemaLocation="http://www.loc.gov/MARC21/slim http://www.loc.gov/standards/marcxml/schema/MARC21slim.xsd"
    xmlns="http://www.loc.gov/MARC21/slim">

  <leader>01283nam a22002657a 4500</leader>
  <controlfield tag="005">20150305115026.0</controlfield>
  <controlfield tag="008">150305b1999    pe ||||| |||| 00| 0 spa d</controlfield>
  <datafield tag="040" ind1=" " ind2=" ">
    <subfield code="a">Co-BoIAvH</subfield>
    <subfield code="c">Co-BoIAvH</subfield>
  </datafield>
  <datafield tag="041" ind1=" " ind2=" ">
    <subfield code="a">spa</subfield>
  </datafield>
  <datafield tag="044" ind1=" " ind2=" ">
    <subfield code="a">pe</subfield>
  </datafield>
  <datafield tag="082" ind1="0" ind2="4">
    <subfield code="a">597.928546</subfield>
    <subfield code="b">S68m</subfield>
  </datafield>
  <datafield tag="100" ind1="1" ind2=" ">
    <subfield code="a">Soini, Pekka</subfield>
  </datafield>
  <datafield tag="245" ind1="1" ind2="0">
    <subfield code="a">Un manual para el manejo de quelonios acu&#xE1;ticos en la amazon&#xED;a peruana (Charapa, Taricaya y Cupiso)</subfield>
  </datafield>
  <datafield tag="260" ind1=" " ind2=" ">
    <subfield code="a">Iquitos:</subfield>
    <subfield code="b">Instituto de Investigaciones de la Amazon&#xED;a Peruana,</subfield>
    <subfield code="c">1999.</subfield>
  </datafield>
  <datafield tag="300" ind1=" " ind2=" ">
    <subfield code="a">68 p.</subfield>
    <subfield code="b">fotograf&#xED;as b/n</subfield>
    <subfield code="c">21 cm.</subfield>
  </datafield>
  <datafield tag="505" ind1=" " ind2=" ">
    <subfield code="a">Descripci&#xF3;n de la Charapa, Taricaya y Cupiso.
C&#xF3;mo reconocerlas.
Un poco de historia natural de la Charapa, Taricaya y Cupiso.
Una estrategia para su conservaci&#xF3;n.
Su manejo con fines de aprovechamiento sostenible.
T&#xE9;cnica de propagaci&#xF3;n de cr&#xED;as.
Manejo y el sexo de las cr&#xED;as.
Algunos m&#xE9;todos sencillos para evaluar su abundancia.</subfield>
  </datafield>
  <datafield tag="650" ind1=" " ind2="4">
    <subfield code="a">Fauna marina</subfield>
    <subfield code="z">Amazonas (Regi&#xF3;n)</subfield>
    <subfield code="z">Per&#xFA;</subfield>
  </datafield>
  <datafield tag="650" ind1="2" ind2="4">
    <subfield code="a">Tortugas marinas</subfield>
    <subfield code="x">conservaci&#xF3;n</subfield>
    <subfield code="x">cr&#xED;a</subfield>
    <subfield code="z">Amazonas (Regi&#xF3;n)</subfield>
    <subfield code="z">Per&#xFA;</subfield>
  </datafield>
  <datafield tag="650" ind1=" " ind2="4">
    <subfield code="a">Quelonios</subfield>
  </datafield>
  <datafield tag="650" ind1=" " ind2="4">
    <subfield code="a">Tortugas</subfield>
    <subfield code="x">Chelonia</subfield>
  </datafield>
  <datafield tag="650" ind1=" " ind2="4">
    <subfield code="a">Tortugas</subfield>
    <subfield code="x">Charapa</subfield>
  </datafield>
  <datafield tag="650" ind1=" " ind2="4">
    <subfield code="a">Tortugas</subfield>
    <subfield code="x">Terecay</subfield>
    <subfield code="x">Taricaya</subfield>
  </datafield>
  <datafield tag="650" ind1=" " ind2="4">
    <subfield code="a">Tortugas</subfield>
    <subfield code="x">cupiso</subfield>
  </datafield>
  <datafield tag="942" ind1=" " ind2=" ">
    <subfield code="2">ddc</subfield>
    <subfield code="c">LIBRO</subfield>
  </datafield>
  <datafield tag="999" ind1=" " ind2=" ">
    <subfield code="c">9082</subfield>
    <subfield code="d">9082</subfield>
  </datafield>
  <datafield tag="952" ind1=" " ind2=" ">
    <subfield code="0">0</subfield>
    <subfield code="1">0</subfield>
    <subfield code="2">ddc</subfield>
    <subfield code="4">0</subfield>
    <subfield code="7">0</subfield>
    <subfield code="8">GENERAL</subfield>
    <subfield code="I">INV2017</subfield>
    <subfield code="a">Bogota</subfield>
    <subfield code="b">Bogota</subfield>
    <subfield code="d">2015-03-05</subfield>
    <subfield code="g">39000.00</subfield>
    <subfield code="l">0</subfield>
    <subfield code="o">LB-597.928546 S68m</subfield>
    <subfield code="p">038842</subfield>
    <subfield code="r">2015-03-05 00:00:00</subfield>
    <subfield code="t">Ej. 1</subfield>
    <subfield code="w">2015-03-05</subfield>
    <subfield code="x">Donaci&#xF3;n</subfield>
    <subfield code="y">LIBRO</subfield>
  </datafield>
</record>
